000 00757cab a2200217 4500
001 WB3021-01
008 090401t1994 xxu||||| |||| 00| 0 eng d
035 _a(Sirsi) u61930
041 _aeng
245 _aArbitration speed-up
260 _c1994
350 _a0
490 _aEstates Gazette
_v(9421) 28 May 1994, 123(1)
520 _aDiscusses "SoS Environment v Euston Centre Investments Ltd" and the consequences of delay in challenging an arbitrator`s award.
650 _aARBITRATION ACT 1979
650 _aBIRKETT V JAMES
650 _aSOS ENVIRONMENT V EUSTON CENTRE INVESTMENTS LTD
690 _aMANAGEMENT-DISPUTE AVOIDANCE, MANAGEMENT AND RESOLUTION-DISPUTE MANAGEMENT AND RESOLUTION-ARBITRATION
942 _n0
948 _c04/03/1997
999 _c38422
_d38422